Statystyki dla 10 najpopularniejszych imion żeńskich na D

Kliknij tutaj aby rozwiązać quiz!

Ogólne statystyki

  • Ten quiz został rozwiązany 257 razy
  • Średni wynik to 5 z 9

Statystyki odpowiedzi

HintOdpowiedź% Poprawnych
1Danuta307054
87%
5Daria72830
85%
10Dariia1329
85%
2Dorota270009
78%
4Dominika121431
77%
6Daniela20543
35%
7Diana19887
35%
8Donata6150
14%
9Darya1565
2%

Rozkład punktacji

Percentyl według liczby udzielonych odpowiedzi

Procent ludzi z każdym wynikiem

Twoja historia wyników

Nie rozwiązałeś tego quizu